[Event "Berlin Cup"]
[Site "Berlin"]
[Date "2019.06.15"]
[Round "4.4"]
[White "Schliebener, Stephan"]
[Black "Daum, Norman"]
[Result "1/2-1/2"]
[WhiteElo "2084"]
[BlackElo "2045"]
[PlyCount "105"]
[EventDate "2019.05.05"]
[EventType "team-k.o."]
[EventRounds "5"]
[EventCountry "GER"]
[SourceTitle "EXT 2020"]
[Source "ChessBase"]
[SourceDate "2019.10.17"]
[SourceVersion "1"]
[SourceVersionDate "2019.10.17"]
[SourceQuality "1"]
[WhiteTeam "Weissensee Chemie"]
[BlackTeam "Pankow Rotation"]
[WhiteTeamCountry "GER"]
[BlackTeamCountry "GER"]

1. c4 e5 2. Nc3 Nc6 3. e3 Nf6 4. Nf3 d6 5. d4 Be7 6. d5 Nb8 7. Be2 0-0 8. 0-0 h6 9. Qc2 Nh7 10. c5 Bg4 11. cxd6 Bxd6 12. Nb5 Qe7 13. e4 Nd7 14. h3 Bxf3 15. Bxf3 Rfc8 16. Be3 a6 17. Nc3 Bc5 18. Bxc5 Qxc5 19. Rac1 Nhf6 20. Qb3 Qb6 21. Qxb6 Nxb6 22. Ne2 Kf8 23. Rc2 Ke7 24. g3 Nbd7 25. Rfc1 Ne8 26. Bg4 Rd8 27. f4 f6 28. Bh5 Nd6 29. Bg6 Rdc8 30. Kg2 Kd8 31. Kf3 b6 32. Bh5 Ra7 33. Bg4 Rca8 34. Nc3 Nc5 35. b4 Nd3 36. Rb1 a5 37. b5 Nc5 38. fxe5 fxe5 39. Bf5 Ke7 40. Rf2 Rf8 41. Ke2 Raa8 42. h4 h5 43. g4 hxg4 44. Rg1 Rf7 45. Rxg4 Raf8 46. Rfg2 Nxf5 47. exf5 Rxf5 48. Rxg7+ R8f7 49. Rxf7+ Kxf7 50. Rf2 Kg6 51. Rg2+ Kf7 52. Ke3 Rh5 53. Rg4 1/2-1/2

[Event "Leipzig DSAM Cup"]
[Site "Leipzig"]
[Date "2018.06.01"]
[Round "4"]
[White "Kaster, Martin"]
[Black "Daum, Norman"]
[Result "0-1"]
[WhiteElo "2107"]
[BlackElo "2129"]
[PlyCount "44"]
[EventDate "2018.05.31"]
[EventType "swiss"]
[EventRounds "5"]
[EventCountry "GER"]
[SourceTitle "EXT 2019"]
[Source "ChessBase"]
[SourceDate "2018.10.10"]
[SourceVersion "1"]
[SourceVersionDate "2018.10.10"]
[SourceQuality "1"]

1. Nf3 Nf6 2. c4 g6 3. g3 Bg7 4. Bg2 0-0 5. 0-0 d6 6. Nc3 c6 7. d3 e5 8. Rb1 Qe7 9. e4 Be6 10. Ne1 Nh5 11. Nc2 Qd7 12. f4 Bg4 13. Qe1 Be6 14. Ne3 exf4 15. gxf4 f5 16. exf5 Bxf5 17. Nxf5 Qxf5 18. Ne4 Na6 19. Nxd6 Qd5 20. Be3 Qxd6 21. Qf2 Rae8 22. Bxa7 Nxf4 0-1

[Event "Leipzig DSAM Cup"]
[Site "Leipzig"]
[Date "2018.05.31"]
[Round "2"]
[White "Kopylov, Michael"]
[Black "Daum, Norman"]
[Result "1-0"]
[WhiteElo "2418"]
[BlackElo "2129"]
[PlyCount "67"]
[EventDate "2018.05.31"]
[EventType "swiss"]
[EventRounds "5"]
[EventCountry "GER"]
[SourceTitle "EXT 2019"]
[Source "ChessBase"]
[SourceDate "2018.10.10"]
[SourceVersion "1"]
[SourceVersionDate "2018.10.10"]
[SourceQuality "1"]

1. d4 Nf6 2. Nf3 g6 3. c4 Bg7 4. g3 0-0 5. Bg2 d6 6. 0-0 Nbd7 7. Nc3 c6 8. e4 Qc7 9. h3 b6 10. Re1 e5 11. Be3 Bb7 12. Qc2 Rfe8 13. Rab1 Rad8 14. Kh2 Nf8 15. b4 Ne6 16. d5 cxd5 17. cxd5 Nxe4 18. dxe6 fxe6 19. Nd2 Nxc3 20. Bxb7 d5 21. Ba6 b5 22. Rbc1 d4 23. Bg5 Rb8 24. a4 bxa4 25. Ne4 Rxb4 26. Nxc3 Qb6 27. Bf1 Rc8 28. Nxa4 Rxc2 29. Nxb6 Rxf2+ 30. Kg1 Rf5 31. Rc8+ Bf8 32. Bh6 Rxb6 33. Bd3 Rf7 34. Rf1 1-0

[Event "Berlin Cup"]
[Site "Berlin"]
[Date "2017.09.21"]
[Round "3"]
[White "Daum, Norman"]
[Black "Wolf, Manfred"]
[Result "1/2-1/2"]
[WhiteElo "2137"]
[BlackElo "2036"]
[PlyCount "144"]
[EventDate "2017.09.14"]
[EventType "k.o."]
[EventRounds "6"]
[EventCountry "GER"]
[SourceTitle "CBM 189 Extra"]
[Source "ChessBase"]
[SourceDate "2019.06.03"]
[SourceVersion "1"]
[SourceVersionDate "2019.06.03"]
[SourceQuality "1"]

1. e4 d6 2. f4 Nf6 3. Nc3 e5 4. Nf3 Bg4 5. h3 Bxf3 6. Qxf3 Nc6 7. Bb5 a6 8. Bxc6+ bxc6 9. fxe5 dxe5 10. Qg3 Qd4 11. d3 Bc5 12. Ne2 Qd6 13. Rf1 0-0 14. Rf5 Nd7 15. Kf1 Rae8 16. Bd2 Re6 17. Qh4 g6 18. Rf3 Rf6 19. Bh6 Rxf3+ 20. gxf3 Re8 21. Qg3 Nf6 22. Kg2 Nh5 23. Qg4 Qe6 24. b3 Qxg4+ 25. hxg4 Ng7 26. Bxg7 Kxg7 27. Rh1 Be3 28. Kg3 g5 29. Kg2 Kg6 30. Ng3 Bc5 31. Nf5 Bf8 32. Kf2 Rd8 33. Ke3 Bc5+ 34. Kd2 Bb4+ 35. Kc1 Ba3+ 36. Kb1 Bf8 37. Kb2 c5 38. Kc3 Rb8 39. a3 a5 40. Rb1 Rb6 41. Kc4 c6 42. c3 Rb7 43. Rh1 Rb8 44. Rh2 Rb7 45. Rh1 Rb8 46. Ne3 Rb7 47. Nc2 Rb8 48. b4 cxb4 49. cxb4 axb4 50. Nxb4 Rb5 51. Rh2 Ra5 52. Kb3 c5 53. Nc6 c4+ 54. Kc3 Rxa3+ 55. Kxc4 f6 56. Rb2 Ra1 57. d4 exd4 58. Nxd4 Rc1+ 59. Kd5 Rc5+ 60. Ke6 Re5+ 61. Kd7 h5 62. gxh5+ Kxh5 63. Nf5 g4 64. Rh2+ Kg5 65. Rg2 Kf4 66. Rxg4+ Kxf3 67. Rg8 Bc5 68. Ng3 Bf2 69. Rg6 Bxg3 70. Rxf6+ Kxe4 71. Re6 Kd5 72. Rxe5+ Kxe5 1/2-1/2

[Event "Berlin Cup"]
[Site "Berlin"]
[Date "2017.09.14"]
[Round "2"]
[White "Fiedler, Wolfgang2222"]
[Black "Daum, Norman"]
[Result "0-1"]
[WhiteElo "1892"]
[BlackElo "2137"]
[PlyCount "72"]
[EventDate "2017.09.14"]
[EventType "k.o."]
[EventRounds "6"]
[EventCountry "GER"]
[SourceTitle "CBM 189 Extra"]
[Source "ChessBase"]
[SourceDate "2019.06.03"]
[SourceVersion "1"]
[SourceVersionDate "2019.06.03"]
[SourceQuality "1"]

1. e4 e6 2. d4 d5 3. Nc3 Nf6 4. Bg5 Be7 5. e5 Nfd7 6. Bxe7 Qxe7 7. f4 a6 8. Nf3 c5 9. Be2 Nc6 10. Qd2 0-0 11. Rd1 f6 12. 0-0 b5 13. f5 cxd4 14. exf6 Nxf6 15. Nxd4 Nxd4 16. Qxd4 b4 17. Nb1 exf5 18. Bf3 Be6 19. c4 Rad8 20. cxd5 Bxd5 21. Rfe1 Qb7 22. Qf2 Bxf3 23. gxf3 Nd5 24. Nd2 Nf4 25. Qe3 Nd3 26. Re2 Rfe8 27. Qxe8+ Rxe8 28. Rxe8+ Kf7 29. Re2 Nxb2 30. Rf1 Qb5 31. Rfe1 Nd3 32. Re7+ Kf8 33. R1e5 Qc6 34. Re8+ Kf7 35. Nb3 Qc2 36. R8e7+ Kf6 0-1

[Event "Daehne Cup final"]
[Site "Magdeburg"]
[Date "2011.06.23"]
[Round "2"]
[White "Daum, Norman"]
[Black "Leib, Britta"]
[Result "1/2-1/2"]
[WhiteElo "2119"]
[BlackElo "1948"]
[PlyCount "61"]
[EventDate "2011.06.23"]
[EventType "swiss"]
[EventRounds "5"]
[EventCountry "GER"]
[SourceTitle "CBM 143 Extra"]
[Source "ChessBase"]
[SourceDate "2011.08.29"]
[SourceVersion "1"]
[SourceVersionDate "2011.08.29"]
[SourceQuality "1"]

1. e4 e6 2. d4 d5 3. exd5 exd5 4. Bd3 Nc6 5. c3 Nge7 6. Qc2 Bg4 7. Ne2 Qd7 8. Ng3 0-0-0 9. Be3 h5 10. h3 Be6 11. h4 Kb8 12. Nd2 Nc8 13. 0-0-0 Nd6 14. Rde1 Be7 15. Nf3 f6 16. Bg6 Bg4 17. Nh2 Nc4 18. Nxg4 Qxg4 19. Qf5 Nxe3 20. Rxe3 Bd6 21. Kc2 Ne7 22. Qxg4 hxg4 23. Bd3 g6 24. Rhe1 Rd7 25. Re6 f5 26. h5 gxh5 27. Nxf5 Nxf5 28. Bxf5 Rhd8 29. g3 a6 30. Bg6 h4 31. gxh4 1/2-1/2

[Event "Berlin Eckbauer op 09th"]
[Site "Berlin"]
[Date "2006.11.06"]
[Round "5"]
[White "Rohrbach, Stephan"]
[Black "Daum, Norman"]
[Result "0-1"]
[WhiteElo "1912"]
[BlackElo "2023"]
[PlyCount "48"]
[EventDate "2006.10.09"]
[EventType "swiss"]
[EventRounds "7"]
[EventCountry "GER"]
[SourceTitle "EXT 2022"]
[Source "ChessBase"]
[SourceDate "2021.10.06"]
[SourceVersion "1"]
[SourceVersionDate "2021.10.06"]
[SourceQuality "1"]

1. Nf3 d5 2. d4 c6 3. Bf4 Qb6 4. Qc1 Bg4 5. Bxb8 Rxb8 6. e3 e6 7. Ne5 Bf5 8. g4 f6 9. gxf5 fxe5 10. fxe6 exd4 11. e4 Rd8 12. e5 Qb4+ 13. Kd1 g6 14. a3 Qb6 15. Qf4 Nh6 16. b4 Bg7 17. Qg5 Qc7 18. f4 Nf5 19. Bd3 Bh6 20. Qg1 Bxf4 21. Bxf5 gxf5 22. Qf2 Qxe5 23. e7 Rd6 24. Rf1 Be3 0-1

[Event "Berlin Eckbauer op 09th"]
[Site "Berlin"]
[Date "2006.10.23"]
[Round "3"]
[White "Oginski, Ulrich"]
[Black "Daum, Norman"]
[Result "0-1"]
[WhiteElo "1869"]
[BlackElo "2023"]
[PlyCount "68"]
[EventDate "2006.10.09"]
[EventType "swiss"]
[EventRounds "7"]
[EventCountry "GER"]
[SourceTitle "EXT 2022"]
[Source "ChessBase"]
[SourceDate "2021.10.06"]
[SourceVersion "1"]
[SourceVersionDate "2021.10.06"]
[SourceQuality "1"]

1. c4 g6 2. g3 Bg7 3. Bg2 d6 4. Nc3 c5 5. e4 Nc6 6. Nge2 h5 7. d3 Nf6 8. Bg5 Nh7 9. Be3 Qa5 10. Qd2 Nf8 11. d4 cxd4 12. Nxd4 Ne6 13. Nb3 Qb4 14. Rc1 Qxc4 15. Nd5 Qa6 16. a3 Ne5 17. Nb4 Qa4 18. Nd4 0-0 19. 0-0 Ng4 20. Nxe6 Nxe3 21. Nxf8 Nxf1 22. Bxf1 Bxf8 23. Bc4 e6 24. Qe2 Bd7 25. Nc2 Rc8 26. b3 Qa5 27. b4 Qe5 28. Qd3 d5 29. exd5 exd5 30. Qxd5 Qxd5 31. Bxd5 Bf5 32. Bb3 Rc3 33. Ba4 b5 34. Bxb5 Rxc2 0-1

[Event "GER-ch op U25"]
[Site "Willingen"]
[Date "2006.06.09"]
[Round "9"]
[White "Daum, Norman"]
[Black "Bissbort, Julian"]
[Result "1-0"]
[WhiteElo "2150"]
[BlackElo "2042"]
[PlyCount "49"]
[EventDate "2006.06.04"]
[EventType "swiss"]
[EventRounds "9"]
[EventCountry "GER"]
[SourceTitle "EXT 2007"]
[Source "ChessBase"]
[SourceDate "2006.11.23"]
[SourceVersion "1"]
[SourceVersionDate "2006.11.23"]
[SourceQuality "1"]

1. e4 c5 2. Nc3 Nc6 3. f4 g6 4. Nf3 Bg7 5. g3 e6 6. Bg2 Nge7 7. 0-0 d5 8. e5 Rb8 9. d4 b6 10. Nb5 Nf5 11. g4 Nfxd4 12. Nd6+ Ke7 13. Ng5 Ba6 14. c3 Ne2+ 15. Kh1 Qc7 16. Bxd5 Nxc1 17. Be4 Bxf1 18. Qxf1 Rbf8 19. Rxc1 h6 20. Nf3 f5 21. Nb5 Qc8 22. Nh4 Nxe5 23. fxe5 fxe4 24. Nxg6+ Kd7 25. Qd1+ 1-0

[Event "GER-ch op U25"]
[Site "Willingen"]
[Date "2006.06.08"]
[Round "8"]
[White "Daum, Norman"]
[Black "Gruener, Sven"]
[Result "1-0"]
[WhiteElo "2150"]
[BlackElo "2107"]
[PlyCount "63"]
[EventDate "2006.06.04"]
[EventType "swiss"]
[EventRounds "9"]
[EventCountry "GER"]
[SourceTitle "EXT 2007"]
[Source "ChessBase"]
[SourceDate "2006.11.23"]
[SourceVersion "1"]
[SourceVersionDate "2006.11.23"]
[SourceQuality "1"]

1. e4 d6 2. d4 Nf6 3. Bd3 e5 4. c3 d5 5. dxe5 Nxe4 6. Nf3 Nc6 7. Qe2 Nc5 8. Bc2 Bg4 9. 0-0 Be7 10. Nbd2 d4 11. Be4 Nxe4 12. Qxe4 dxc3 13. Qxg4 cxd2 14. Qxg7 Rf8 15. Bxd2 Qd3 16. Qg4 h5 17. Qh3 Rd8 18. Bh6 Rg8 19. Qxh5 Rd5 20. Bf4 Nd4 21. Nxd4 Qxd4 22. Bg3 Qxb2 23. Qh7 Rg6 24. Qh8+ Bf8 25. Rab1 Qxa2 26. Rxb7 Rb6 27. Rxc7 Rb1 28. Rc8+ Kd7 29. Qh3+ Ke7 30. Bh4+ f6 31. Rc7+ Ke8 32. Qe6+ 1-0

[Event "GER-ch op U25"]
[Site "Willingen"]
[Date "2006.06.06"]
[Round "5"]
[White "Daum, Norman"]
[Black "Willems, Sebastian"]
[Result "1-0"]
[WhiteElo "2150"]
[BlackElo "1886"]
[PlyCount "35"]
[EventDate "2006.06.04"]
[EventType "swiss"]
[EventRounds "9"]
[EventCountry "GER"]
[SourceTitle "EXT 2007"]
[Source "ChessBase"]
[SourceDate "2006.11.23"]
[SourceVersion "1"]
[SourceVersionDate "2006.11.23"]
[SourceQuality "1"]

1. e4 d5 2. exd5 Nf6 3. d4 Bg4 4. Nf3 Qxd5 5. Be2 Nc6 6. 0-0 0-0-0 7. c3 h6 8. b4 e6 9. Nbd2 Bd6 10. Nc4 Qh5 11. Nxd6+ Rxd6 12. b5 Ne7 13. Ba3 Rd7 14. Qa4 Kb8 15. h3 Ned5 16. Bc5 b6 17. Ne5 Rd6 18. Bxg4 1-0

[Event "Berlin op 05"]
[Site "Berlin"]
[Date "2006.05.25"]
[Round "2"]
[White "Jaskulski, Klaus"]
[Black "Daum, Norman"]
[Result "0-1"]
[WhiteElo "1629"]
[BlackElo "2023"]
[PlyCount "48"]
[EventDate "2006.05.24"]
[EventType "swiss"]
[EventRounds "7"]
[EventCountry "GER"]
[SourceTitle "EXT 2007"]
[Source "ChessBase"]
[SourceDate "2006.11.23"]
[SourceVersion "1"]
[SourceVersionDate "2006.11.23"]
[SourceQuality "1"]

1. Nf3 d5 2. b3 Nc6 3. Bb2 Bg4 4. h3 Bh5 5. g4 Bg6 6. Bg2 f6 7. d4 e6 8. Nbd2 Nb4 9. e4 dxe4 10. Nh4 e3 11. Ne4 Bxe4 12. Bxe4 f5 13. Nxf5 exf5 14. Bxf5 Nh6 15. Qe2 Nxf5 16. gxf5 Qg5 17. a3 Nc6 18. d5 0-0-0 19. dxc6 exf2+ 20. Qxf2 Bc5 21. cxb7+ Kb8 22. Qxc5 Rhe8+ 23. Kf1 Rd2 24. Qc6 Qf4+ 0-1

[Event "Berlin op 05"]
[Site "Berlin"]
[Date "2006.05.24"]
[Round "1"]
[White "Daum, Norman"]
[Black "Meissner, Jan Eric"]
[Result "1-0"]
[WhiteElo "2023"]
[BlackElo "1490"]
[PlyCount "57"]
[EventDate "2006.05.24"]
[EventType "swiss"]
[EventRounds "7"]
[EventCountry "GER"]
[SourceTitle "EXT 2007"]
[Source "ChessBase"]
[SourceDate "2006.11.23"]
[SourceVersion "1"]
[SourceVersionDate "2006.11.23"]
[SourceQuality "1"]

1. e4 e6 2. d4 d5 3. e5 c5 4. c3 Nc6 5. Nf3 Qb6 6. Bd3 Bd7 7. 0-0 Be7 8. a3 f6 9. Nh4 fxe5 10. Qh5+ Kd8 11. dxe5 Bxh4 12. Qxh4+ Nge7 13. Re1 Kc7 14. b4 cxb4 15. axb4 Nf5 16. Bxf5 exf5 17. e6 Rae8 18. Bf4+ Kc8 19. exd7+ Kxd7 20. Nd2 Ne7 21. Qh3 a6 22. Nb3 Kc8 23. Nc5 h6 24. Re6 Qb5 25. Rae1 Ng6 26. Rxe8+ Rxe8 27. Qxf5+ Kd8 28. Qxd5+ Kc8 29. Qxb7+ 1-0

[Event "Berlin op 04"]
[Site "Berlin"]
[Date "2006.04.22"]
[Round "8"]
[White "Formazain, Andreas"]
[Black "Daum, Norman"]
[Result "0-1"]
[WhiteElo "1770"]
[BlackElo "2094"]
[PlyCount "74"]
[EventDate "2006.04.14"]
[EventType "swiss"]
[EventRounds "9"]
[EventCountry "GER"]
[SourceTitle "EXT 2007"]
[Source "ChessBase"]
[SourceDate "2006.11.23"]
[SourceVersion "1"]
[SourceVersionDate "2006.11.23"]
[SourceQuality "1"]

1. e4 e6 2. d4 d5 3. exd5 exd5 4. Bd3 Bd6 5. Nf3 Bg4 6. c3 c6 7. h3 Bh5 8. 0-0 Ne7 9. Na3 Nd7 10. Nc2 Qc7 11. Re1 f6 12. Ne3 0-0-0 13. Bd2 g5 14. Rc1 Ng6 15. Nf5 Bh2+ 16. Kh1 Nf4 17. Bf1 Kb8 18. c4 dxc4 19. Rxc4 Nb6 20. Re7 Qc8 21. Rc5 Nfd5 22. Qb3 Bc7 23. a4 Qxf5 24. Bd3 Qc8 25. Be4 Nxe7 26. a5 Nbd5 27. Bxd5 Rxd5 28. g4 Bf7 29. Qb4 h5 30. Bxg5 fxg5 31. Nxg5 Rxc5 32. Qxc5 Bd5+ 33. Kg1 Ng6 34. b4 hxg4 35. b5 gxh3 36. f3 h2+ 37. Kh1 Qf5 0-1

[Event "Berlin op 04"]
[Site "Berlin"]
[Date "2006.04.16"]
[Round "2"]
[White "Knopf, Roland"]
[Black "Daum, Norman"]
[Result "1/2-1/2"]
[WhiteElo "1786"]
[BlackElo "2094"]
[PlyCount "94"]
[EventDate "2006.04.14"]
[EventType "swiss"]
[EventRounds "9"]
[EventCountry "GER"]
[SourceTitle "EXT 2007"]
[Source "ChessBase"]
[SourceDate "2006.11.23"]
[SourceVersion "1"]
[SourceVersionDate "2006.11.23"]
[SourceQuality "1"]

1. d4 d5 2. c4 c6 3. Nc3 e6 4. e4 dxe4 5. Nxe4 Nd7 6. Nf3 Ngf6 7. Nxf6+ Nxf6 8. Bd3 c5 9. Bc2 Qc7 10. 0-0 Bd7 11. a3 g6 12. Bg5 Bg7 13. d5 0-0 14. d6 Qb6 15. Ne5 Bc6 16. Nxc6 Qxc6 17. Re1 a6 18. Qd2 Nd7 19. Be4 Qb6 20. Rab1 f6 21. Bh6 Ne5 22. Bxg7 Kxg7 23. Qc3 Rab8 24. Rbd1 Rfd8 25. f4 Nf7 26. Bxg6 Rxd6 27. Bc2 Rbd8 28. Qg3+ Kf8 29. Rxd6 Rxd6 30. Bxh7 Qd8 31. Qg8+ Ke7 32. Qxd8+ Nxd8 33. b3 Nc6 34. Re3 Nd4 35. Kf2 f5 36. h3 Rb6 37. g4 fxg4 38. hxg4 Rxb3 39. Rxb3 Nxb3 40. g5 Nd4 41. Bd3 Nb3 42. Ke3 Na5 43. Ke4 Nc6 44. f5 exf5+ 45. Kxf5 b5 46. cxb5 axb5 47. Ke4 b4 1/2-1/2

[Event "Berlin Unicorn op"]
[Site "Berlin"]
[Date "2005.05.07"]
[Round "5"]
[White "Daum, Norman"]
[Black "Kiesekamp, Marcos"]
[Result "1-0"]
[WhiteElo "2105"]
[BlackElo "2195"]
[PlyCount "173"]
[EventDate "2005.05.04"]
[EventType "swiss"]
[EventRounds "7"]
[EventCountry "GER"]
[SourceTitle "CBM 106 Extra"]
[Source "ChessBase"]
[SourceDate "2005.07.01"]
[SourceVersion "1"]
[SourceVersionDate "2005.07.01"]
[SourceQuality "1"]

1. e4 c5 2. Nf3 Nc6 3. Bb5 Qb6 4. Nc3 Nd4 5. Bc4 e6 6. 0-0 Ne7 7. Nxd4 cxd4 8. Ne2 Qc5 9. Bb3 b5 10. d3 a5 11. a4 b4 12. Ng3 h5 13. f4 h4 14. Nh1 g6 15. Nf2 f5 16. Qe2 Bb7 17. Bd2 Nc6 18. e5 Nd8 19. Nh3 Be7 20. Rac1 Qb6 21. Bc4 Bc6 22. Ra1 Nb7 23. Qf2 Nc5 24. b3 Nb7 25. Bc1 Nd8 26. Bb2 Bc5 27. Ng5 h3 28. Nxh3 Nf7 29. Qg3 0-0-0 30. Ng5 Nxg5 31. fxg5 Ba8 32. Rae1 Kb8 33. Bc1 Qc6 34. Re2 Rh5 35. Kf2 Rdh8 36. h3 Qc7 37. Ke1 Be7 38. Kd1 Qd8 39. Qf2 Rh4 40. Bf4 Bxg5 41. Qxd4 Bxf4 42. Rxf4 Rxf4 43. Qxf4 Qb6 44. d4 g5 45. Qf2 Rh4 46. d5 Qxf2 47. Rxf2 exd5 48. Bb5 Rd4+ 49. Bd3 f4 50. Ke2 Re4+ 51. Bxe4 dxe4 52. h4 f3+ 53. gxf3 exf3+ 54. Kf1 gxh4 55. Ke1 Kc7 56. Rh2 d6 57. exd6+ Kxd6 58. Rxh4 Ke5 59. Rc4 Bd5 60. Rc8 Kd4 61. Kf2 Be6 62. Rc7 Bd5 63. Rd7 Kc5 64. Ke3 Bc6 65. Rf7 Bd5 66. Rf6 Bb7 67. Rf5+ Bd5 68. Kd3 Kd6 69. Kd4 Ke6 70. Re5+ Kf6 71. Re1 Ba8 72. Kc5 Kf5 73. Kb5 Be4 74. Rf1 Kf4 75. Kxa5 Bxc2 76. Kxb4 Ke3 77. a5 Ke2 78. Rh1 Be4 79. Kc5 Ke3 80. b4 Bd3 81. b5 f2 82. b6 Ba6 83. Kc6 Be2 84. Kc7 Bf3 85. Ra1 Kd2 86. Ra2+ Ke3 87. Rxf2 1-0

[Event "Berlin Unicorn op"]
[Site "Berlin"]
[Date "2005.05.07"]
[Round "6"]
[White "Von Herman, Ulf"]
[Black "Daum, Norman"]
[Result "1-0"]
[WhiteElo "2413"]
[BlackElo "2105"]
[PlyCount "105"]
[EventDate "2005.05.04"]
[EventType "swiss"]
[EventRounds "7"]
[EventCountry "GER"]
[SourceTitle "CBM 106 Extra"]
[Source "ChessBase"]
[SourceDate "2005.07.01"]
[SourceVersion "1"]
[SourceVersionDate "2005.07.01"]
[SourceQuality "1"]

1. d4 d5 2. c4 c6 3. Nc3 Nf6 4. Nf3 e6 5. Bg5 Be7 6. e3 0-0 7. Qc2 Ne8 8. h4 f5 9. Bd3 Nd6 10. cxd5 exd5 11. Ne5 Nd7 12. f4 Nf6 13. 0-0-0 Qe8 14. Rdg1 h5 15. Rh3 Nde4 16. Bxe4 fxe4 17. Rhh1 Bf5 18. Bxf6 Bxf6 19. g4 Bxe5 20. gxf5 Bc7 21. Rg6 Rxf5 22. Rhg1 Qe7 23. Qg2 Rf7 24. f5 Bd8 25. f6 Qd7 26. Qg5 Rc8 27. Rh6 Rxf6 28. Rxf6 Rc7 29. Qf4 Bxf6 30. Qxf6 Qh3 31. Qd8+ Kh7 32. Qg5 Rf7 33. Qxh5+ Kg8 34. Qg5 Rf1+ 35. Kc2 Qh2+ 36. Rg2 Rf2+ 37. Rxf2 Qxf2+ 38. Kb3 Qf1 39. a4 Qc4+ 40. Ka3 a5 41. Qe7 Kh7 42. Qxb7 Kh6 43. Qe7 Kh7 44. Qc5 Qa6 45. Qd6 Qc4 46. h5 Kg8 47. Qd8+ Kh7 48. Qxa5 Kh6 49. Qc5 Qa6 50. Qf8 Kxh5 51. Qxg7 Kh4 52. Qh6+ Kg3 53. Nxe4+ 1-0

[Event "Berlin op 08"]
[Site "Berlin"]
[Date "2002.08.25"]
[Round "9"]
[White "Nietsch, Horst"]
[Black "Daum, Norman"]
[Result "1-0"]
[WhiteElo "1950"]
[BlackElo "1972"]
[PlyCount "91"]
[EventDate "2002.08.17"]
[EventType "swiss"]
[EventRounds "9"]
[EventCountry "GER"]
[SourceTitle "EXT 2007"]
[Source "ChessBase"]
[SourceDate "2006.11.23"]
[SourceVersion "1"]
[SourceVersionDate "2006.11.23"]
[SourceQuality "1"]

1. e4 e6 2. d4 d5 3. Nc3 dxe4 4. Nxe4 Bd7 5. Nf3 Bc6 6. Bd3 Nf6 7. Qe2 Be7 8. 0-0 Nbd7 9. c3 0-0 10. Ne5 Nxe5 11. dxe5 Bxe4 12. Bxe4 Nxe4 13. Qxe4 c6 14. Be3 Qa5 15. a4 Rfd8 16. b4 Qd5 17. Qxd5 Rxd5 18. Rfd1 b6 19. Rxd5 exd5 20. a5 b5 21. a6 g5 22. g3 Kg7 23. f4 Kg6 24. Rf1 f6 25. f5+ Kf7 26. e6+ Kf8 27. h4 g4 28. Bh6+ Ke8 29. Rf4 Bf8 30. Bxf8 Kxf8 31. Rxg4 Rb8 32. h5 Rb6 33. e7+ Kxe7 34. Rg7+ Kd6 35. Rxa7 Ke5 36. Kg2 Kxf5 37. Kf3 Kg5 38. g4 f5 39. gxf5 Kxh5 40. Kf4 Kh6 41. Ke5 Rb8 42. Re7 Kg5 43. a7 Rd8 44. f6 d4 45. cxd4 Rxd4 46. Ke6 1-0

[Event "Berlin op 08"]
[Site "Berlin"]
[Date "2002.08.23"]
[Round "7"]
[White "Daum, Norman"]
[Black "Pueschel, Werner"]
[Result "1/2-1/2"]
[WhiteElo "1972"]
[BlackElo "2114"]
[PlyCount "85"]
[EventDate "2002.08.17"]
[EventType "swiss"]
[EventRounds "9"]
[EventCountry "GER"]
[SourceTitle "EXT 2007"]
[Source "ChessBase"]
[SourceDate "2006.11.23"]
[SourceVersion "1"]
[SourceVersionDate "2006.11.23"]
[SourceQuality "1"]

1. e4 c5 2. Nf3 e6 3. Nc3 a6 4. Be2 b5 5. 0-0 Bb7 6. d3 b4 7. Nb1 Nf6 8. b3 Qc7 9. Bb2 Nc6 10. Nbd2 Be7 11. h3 d5 12. Re1 0-0 13. Nh2 a5 14. a4 Rad8 15. Bf3 Bd6 16. Ng4 Nxg4 17. hxg4 Ne5 18. Qe2 Ba6 19. exd5 Nxf3+ 20. Qxf3 exd5 21. Qf5 Bf4 22. Be5 Bxe5 23. Qxe5 Qxe5 24. Rxe5 Rfe8 25. Rae1 Kf8 26. Kf1 Bc8 27. g5 f6 28. gxf6 gxf6 29. Rxe8+ Rxe8 30. Rxe8+ Kxe8 31. Ke2 Ke7 32. Ke3 Bd7 33. Kf4 Be8 34. Nf3 Ke6 35. g4 Bg6 36. Nh4 Bf7 37. Nf5 Bg6 38. Nh4 Be8 39. Nf5 Bc6 40. Ng7+ Kf7 41. Nf5 Ke6 42. Ng7+ Kf7 43. Nf5 1/2-1/2

[Event "Berlin op 08"]
[Site "Berlin"]
[Date "2002.08.22"]
[Round "6"]
[White "Nogly, Christoph"]
[Black "Daum, Norman"]
[Result "1/2-1/2"]
[WhiteElo "2241"]
[BlackElo "1972"]
[PlyCount "67"]
[EventDate "2002.08.17"]
[EventType "swiss"]
[EventRounds "9"]
[EventCountry "GER"]
[SourceTitle "EXT 2007"]
[Source "ChessBase"]
[SourceDate "2006.11.23"]
[SourceVersion "1"]
[SourceVersionDate "2006.11.23"]
[SourceQuality "1"]

1. Nf3 d6 2. d4 g6 3. e4 Bg7 4. Nc3 Bg4 5. Be2 e6 6. Be3 Nd7 7. Qd2 a6 8. a4 Qe7 9. 0-0 Rd8 10. Rad1 h5 11. Bg5 Bf6 12. Be3 Bg7 13. Ng5 Bxe2 14. Nxe2 Nb6 15. b3 Nf6 16. h3 0-0 17. c4 c5 18. f4 Nh7 19. Nxh7 Kxh7 20. dxc5 dxc5 21. Qa5 Rxd1 22. Rxd1 Rd8 23. Rf1 Nc8 24. Bxc5 Qd7 25. e5 b6 26. Bxb6 Nxb6 27. Qxb6 Bf8 28. Nc3 Qd3 29. Rd1 Qxc3 30. Qxd8 Qxb3 31. Qd4 Bc5 32. Qxc5 Qxd1+ 33. Kh2 Qd2 34. Qc7 1/2-1/2

[Event "Berlin op 08"]
[Site "Berlin"]
[Date "2002.08.20"]
[Round "4"]
[White "Daum, Norman"]
[Black "Gebigke, Martin"]
[Result "1-0"]
[WhiteElo "1972"]
[BlackElo "2121"]
[PlyCount "65"]
[EventDate "2002.08.17"]
[EventType "swiss"]
[EventRounds "9"]
[EventCountry "GER"]
[SourceTitle "EXT 2007"]
[Source "ChessBase"]
[SourceDate "2006.11.23"]
[SourceVersion "1"]
[SourceVersionDate "2006.11.23"]
[SourceQuality "1"]

1. e4 c5 2. Nf3 d6 3. Bb5+ Bd7 4. Bxd7+ Qxd7 5. b3 Nf6 6. d3 Nc6 7. Nbd2 g6 8. Bb2 Bg7 9. 0-0 0-0 10. Re1 Rad8 11. Nc4 b5 12. Ne3 e6 13. a4 a6 14. axb5 axb5 15. Bc3 d5 16. e5 Nh5 17. d4 f6 18. Ng4 f5 19. Ne3 h6 20. Nf1 Nf4 21. Bd2 Nh5 22. dxc5 d4 23. Qe2 b4 24. Ra6 Ra8 25. Rea1 Rxa6 26. Rxa6 Qd5 27. Qb5 Nxe5 28. Nxe5 Qxe5 29. Qxb4 Rc8 30. Ra5 Bf8 31. Qb7 Rc7 32. c6 Qd6 33. Bb4 1-0